Women of the New Testament (Difficult) - Statistics

General Stats
  • This quiz has been taken 65 times
  • The average score is 7 of 19
Answer Stats
Hint Answer % Correct
Mother of Jesus Mary
98%
Mother of John the Baptist Elizabeth
84%
Sister of Mary and Lazarus, worried about preparing meal for Jesus Martha
75%
Seven demons went out of her Mary Magdalene
54%
A seller of purple dyes Lydia
51%
Tentmaker, wife of Aquila Priscilla
49%
Elderly prophet, daughter of Phanuel Anna
44%
Wife of Ananias, fell dead at Peter’s feet Sapphira
35%
Joppa resident raised from the dead by Peter Tabitha/Dorcas
35%
She married two sons of Herod the Great Herodias
33%
Daughter of above ^, may have been the one who danced for Herod Salome
32%
Mother of Timothy Eunice
21%
Grandmother of Timothy Lois
21%
Delivered Paul’s letter to the Romans Phoebe
21%
Told people that Peter was out of prison, knocking at the gate Rhoda
16%
Wife of Chuza, she was healed by Jesus Joanna
11%
Athenian who heard Paul preach at the Areopagus Damaris
9%
Beautiful “wife” of Felix Drusilla
7%
Was with Paul, Pudens, Eubulus, and Linus in Rome Claudia
5%
No matching quizzes found
Score Distribution
Percent of People with Each Score
Percentile by Number Answered
Your Score History
You have not taken this quiz